Casos de éxito en liderazgo

Guardat en:
Dades bibliogràfiques
Autor corporatiu: Business Week (Autor)
Format: Llibre
Idioma:espanyol
Publicat: Ciudad de México McGraw Hill 2007
Edició:1a. ed
Col·lecció:Liderazgo
Matèries:
Etiquetes: Afegir etiqueta
Sense etiquetes, Sigues el primer a etiquetar aquest registre!

MARC

LEADER 00000nam a2200000 a 4500
001 UCI8773
003 CL-VaPUC
008 081002e20070000MX |||||||||||||||||spa|d
020 |a 9789701062685 
082 0 4 |a 658.4092  |b BUS  |2 21 
110 2 |a Business Week  |e author  |9 532384 
245 1 0 |a Casos de éxito en liderazgo 
250 |a 1a. ed 
300 |a 191 p 
942 |c BK 
945 |d 20081002 00:00:00  |a rbrito 
260 |a Ciudad de México  |b McGraw Hill  |c 2007 
650 0 |a Liderazgo  |9 271835 
650 0 |a Administración de empresas   |9 260833 
650 7 |a HABILIDAD EJECUTIVA  |2 CL-VaPUC  |9 520225 
650 7 |a CUADRO DE MANDO  |2 CL-VaPUC  |9 532385 
650 0 |a Aptitud de mando   |9 307591 
650 0 |a Gestión administrativa  |9 375217 
583 |a last modification  |c 20081002 00:00:00  |k Rodrigo Vera 
490 0 |a Liderazgo 
999 |c 331563  |d 331561 
952 |0 0  |1 0  |4 0  |6 658_409200000000000_BUS_2007  |7 0  |8 A  |9 418313  |a BIBENE  |b BIBENE  |d 2019-11-22  |i 4485505  |o 658.4092 BUS 2007  |p 4485505  |r 2025-01-15  |w 2019-11-22  |y BK  |k ICO